Sermons choisis, ou, Discours de pieté et de morale, recueillis d'un des plus célébres prédicateurs. Pour tous les jours du carême

Detalles Bibliográficos
Formato: Libro
Lenguaje:French
Publicado: a Bruxelles 1756
Materias:
Colección:Banco de datos
Acervo:Biblioteca de la Congregación del Oratorio de San Felipe Neri de México. Iglesia La Profesa
Descripción Física:t. 16°
Tema general:Homilética
Notas:Portada tipográfica con viñeta y pleca en grabado xilográfico. Texto a renglón seguido. Incluyen cabeceras de título en grabado xilográfico. Incluyen capitulares floreadas en grabado xilográfico. Cada tomo con portada y numeración propias. Año de los t. 1-6 publicados en 1756. Paginación: t. 1 CLIV, 382 p., [4] h.; t. 2 CLXXVIII, 352 p., [4] h.; t. 3 CLVI, 382 p., [3] h.; t. 4 CCXV, 397 p., [5] h.; t. 5 CLXXX, 378 p., [3] h.; t. 6 CCXVI, 379 p., [4] h. Encuadernación en piel sobre cartón (2034, 6306-6309, 7320). Sello en tinta del Oratorio de San Felipe Neri de México. Biblioteca La Profesa, D.F. (2034, 6306-6309, 7320). Daños de polilla y en la encuadernación (2034). Daños de polilla (6308, 6309)
LEADER 01566nam a22001810004500
035 |a 1251 
041 0 |a fre 
245 1 0 |a Sermons choisis, ou, Discours de pieté et de morale, recueillis d'un des plus célébres prédicateurs. Pour tous les jours du carême  
260 |a a Bruxelles  |b par la Compagnie des Libraires  |c 1756 
300 |a  t.  |c 16° 
500 |a Portada tipográfica con viñeta y pleca en grabado xilográfico. Texto a renglón seguido. Incluyen cabeceras de título en grabado xilográfico. Incluyen capitulares floreadas en grabado xilográfico. Cada tomo con portada y numeración propias. Año de los t. 1-6 publicados en 1756. Paginación: t. 1 CLIV, 382 p., [4] h.; t. 2 CLXXVIII, 352 p., [4] h.; t. 3 CLVI, 382 p., [3] h.; t. 4 CCXV, 397 p., [5] h.; t. 5 CLXXX, 378 p., [3] h.; t. 6 CCXVI, 379 p., [4] h. Encuadernación en piel sobre cartón (2034, 6306-6309, 7320). Sello en tinta del Oratorio de San Felipe Neri de México. Biblioteca La Profesa, D.F. (2034, 6306-6309, 7320). Daños de polilla y en la encuadernación (2034). Daños de polilla (6308, 6309)  
504 |a Índice alfabético de materias y fe de erratas 
650 1 0 |a Homilética 
740 0 |a Discours de pieté et de morale, recueillis d'un des plus célébres prédicateurs. Pour tous les jours du Carême 
949 |a Iglesia La Profesa, Biblioteca t. 1 (2034); t. 2 (6306); t. 3 (7320); t. 4 (6307); t. 5 (6308); t. 6 (6309) 
942 |c PROFESA 
943 |g Biblioteca de la Congregación del Oratorio de San Felipe Neri de México. Iglesia La Profesa 
999 |c 948062  |d 948062